| 000 | 00393nam a22001457a 4500 | ||
|---|---|---|---|
| 003 | CEME | ||
| 005 | 20210628204142.0 | ||
| 008 | 210218b xxu||||| |||| 00| 0 eng d | ||
| 040 | _c. | ||
| 082 | _a351.1 HAN'D | ||
| 245 | _aHandbook for drawing and disbursing officers handbook for drawing and disbursing officers | ||
| 260 |
_aRAWALPINDI _bIDEAL _c1996 |
||
| 300 | _a425P | ||
| 942 |
_cBK _2ddc |
||
| 999 |
_c576414 _d576414 |
||